000 00764nas a2200229 4500
001 BR8600612
003 BR-BrBNA
005 20231205090337.0
007 ta
008 230509b bl.|||p| |||| 00| 00por d
040 _aBR-BrBNA
_bpor
_cBiblioteca Nacional de Agricultura
041 _a(Pt)
072 _aL53
100 1 _aSilveira, W.F. da
245 1 _aReproducao artificial em piscicultura
246 1 _a[Artificial reproduction in fishculture]
650 _aTRUTA
650 _aINSEMINACAO ARTIFICIAL
773 0 _tComunicacoes Cientificas da Faculdade de Medicina Veterinaria e Zootecnia da Universidade de Sao Paulo (Brazil)
_xISSN 0100-3313
_g(1984), v. 8(1) p. 65-69
_wBR8600612
909 _a202311
_bLúcia
_c55
_dLúcia Elande
942 _2AGRIS
_n0
_cANA
999 _c117747
_d117747